000 00658nam a22001817a 4500
003 OSt
005 20240123112458.0
008 240123b |||||||| |||| 00| 0 eng d
020 _a9786240021050
040 _aLK-CoDNM
_dLK-CoDNM
_eLK-CoDNM
041 _asin
080 _a133.52
_bGUN
100 _aගුණවර්ධන,දුමින්ද
245 _aක්‍රිෂ්ණමූර්ති පද්ධතියේ වැදගත්කම - නාඩි සිද්ධාන්ත සහ ජ්‍යොතිෂ සිද්ධාන්ත
260 _aColombo
_bS. Godage Saha Sahodarayo
_c2023
300 _a76p.,21cm
942 _n0
_cBK
999 _c144540
_d144540